| 000 | 00569nam a2200181 i 4500 | ||
|---|---|---|---|
| 001 | 134779 | ||
| 003 | ES-MaACL | ||
| 005 | 20250715193709.0 | ||
| 007 | t| | ||
| 008 | 070913s1970 sp ||||1| spa d | ||
| 100 | 1 |
_aWeiss, Peter. _9116409 |
|
| 245 | 1 | 0 |
_aPersecución y asesinato de Jean-Paul Marat / _cPeter Weiss ; [traducción y adaptación teatral Alfonso Sastre]. |
| 260 |
_a[Barcelona : _bGrijalbo, _c1970] |
||
| 300 |
_a173 p. ; _c18 cm. |
||
| 700 | 1 |
_aSastre, Alfonso, _d1926- _9103915 |
|
| 852 |
_aES-MaACL _jC-40695 _bR.75080 |
||
| 999 |
_c134779 _d134779 |
||